000 00390nam a2200157Ia 4500
008 160316s1992 xxu||||| |||| 00| 0 eng d
082 _a344.046000
_bECO
100 _a
245 _aPanchayats and geometry of biodiversity
250 _a
260 _a
_bEconomic and Political Weekly
_c1992
300 _a5
_b
_c
365 _b
650 _a1. Panchayats - biodiversity
700 _a
_a
999 _c37416
_d37416